ბათუმის შოთა რუსთაველის სახელმწიფო უნივერსიტეტის ბიბლიოთეკა

ცისარტყელა ღრუბელში : (ბიბ.ჩანაწერი № 41392)

000 -ლიდერი
ფიქსირებული სიგრძის საკონტროლო ველი 01467nam a2200277Ia 4500
001 - საკონტროლო ნომერი
საკონტროლო ველი 8054
003 - საკონტროლო ნომრის იდენტიფიკატორი
საკონტროლო ველი GE_BSU
005 - ბოლო ოპერაციის თარიღი და დრო
საკონტროლო ველი 20200116171527.0
008 - ფიქსირებული სიგრძის მონაცემთა ელემენტები - ზოგადი ინფორმაცია
ფიქსირებული სიგრძის საკონტროლო ველი 181216s2012||||ge |||||||||||||| ||geo||
020 ## - წიგნის საერთაშორისო სტანდარტული ნომერი
International Standard Book Number 9789941043550
040 ## - კატალოგიზაციის წყარო
Transcribing agency GE_BSU
041 ## - ენის კოდი
Language code of text/sound track or separate title geo
080 ## - უნივერსალური ათობითი კლასიფიკაციის ინდექსი
Universal Decimal Classification number 821.353.1-1
100 ## - მთავარი ჩანაწერი - პიროვნების სახელი
Personal name ბუკია, ციცინო
9 (RLIN) 6183
245 ## - ცნობა სათაურის შესახებ
Title ცისარტყელა ღრუბელში :
Remainder of title [რომანი] /
Statement of responsibility, etc ციცინო ბუკია ; [წინასიტყვ. მაყვალა გონაშვილი ; რედ. ნანა ბაგათელია ; მხატვ. ნინო ხმალაძე, მაგდა თუთბერიძე, რუსუდან წულაია].
264 ## - წარმოების, გამოცემის, დისტრიბუციის და სხვა ცნობები
გამოცემის, წარმოების, დისტრიბუციის... ადგილი თბილისი :
გამოცემის, წარმოების, დისტრიბუციის... სახელწოდება მერანი,
გამოცემის, წარმოების, დისტრიბუციის... თარიღი 2012.
300 ## - ფიზიკური აღწერა
Extent 516 გვ.;
Other physical details 21 სმ.
653 ## - INDEX TERM--UNCONTROLLED
Uncontrolled term რომანი
653 ## - INDEX TERM--UNCONTROLLED
Uncontrolled term მხატვრული ლიტერატურა
700 ## - ADDED ENTRY--PERSONAL NAME
Personal name ბაგათელია, ნანა
Relator term რედაქტორი
9 (RLIN) 6184
700 ## - ADDED ENTRY--PERSONAL NAME
Personal name გონაშვილი, მაყვალა
Relator term წინასიტყვაობა
9 (RLIN) 6185
700 ## - ADDED ENTRY--PERSONAL NAME
Personal name ხმალაძე, ნინო
Relator term მხატვარი
9 (RLIN) 6186
700 ## - ADDED ENTRY--PERSONAL NAME
Personal name თუთბერიძე, მაგდა
Relator term მხატვარი
9 (RLIN) 6187
700 ## - ADDED ENTRY--PERSONAL NAME
Personal name წულაია, რუსუდან
Relator term მხატვარი
9 (RLIN) 6188
942 ## - ADDED ENTRY ELEMENTS (KOHA)
Koha item type წიგნი
Source of classification or shelving scheme
ეგზემპლარები
ჩამოწერის სტატუსი დაკარგული ეგზემპლარის სტატუსი კლასიფიკაციის წყარო ან თაროზე გაწყობის სქემა დაზიანების სტატუსი არ გაიცემა მუდმივი მდებარეობა (დაცვის ადგილი) ამჟამინდელი ადგილსამყოფელი თაროზე განთავსების ადგილი შეძენის თარიღი სრული შენახვის შიფრი შტრიხკოდი ბოლო ოპერაციის თარიღი ეგზემპლარის მიმდევრობითი ნომერი (კეტერი?) ფასის ძალაში შესვლის თარიღი ეგზემპლარის სახეობა
          ბათუმის შოთა რუსთაველის სახელმწიფო უნივერსიტეტის მთავარი ბიბლიოთეკა ბათუმის შოთა რუსთაველის სახელმწიფო უნივერსიტეტის მთავარი ბიბლიოთეკა წიგნსაცავი 2018-12-17 821.353.1-1 7432 2018-12-17 7432 2018-12-17 წიგნი